| 000 | 00867nam a22002297a 4500 | ||
|---|---|---|---|
| 999 |
_c18497 _d18497 |
||
| 003 | AR-CdUCM | ||
| 008 | 190514b ||||| |||| 00| 0 spa d | ||
| 040 |
_aMUNICIPALIDAD PROVINCIAL DEL CUSCO _cBIBLIOTECA MUNICIPAL DEL CUSCO |
||
| 082 |
_a190 / _bR95 |
||
| 100 |
_aRunes, Dagobert D. _939118 |
||
| 245 |
_aLa filosofía del siglo veinte : _bescuelas vivientes del pensamiento / |
||
| 260 |
_aBuenos Aires : _bImpulso, _c1948. |
||
| 300 |
_a672 páginas ; _c24 cm. |
||
| 505 | _aContenido: La ética de James H. Tutis -- La estética por Witt H. Parker -- La filosofía del siglo XX por Bertrand Russell -- El kantismo por A. C. Ewing... | ||
| 650 |
_aFilosofía _9395 |
||
| 650 |
_aÉtica _91337 |
||
| 650 |
_aPensamiento _9461 |
||
| 650 |
_aConocimiento _95704 |
||
| 700 |
_aMirlas, Leon (traductor) _939119 |
||
| 942 |
_2ddc _cLIBROS |
||
| 945 |
_aacv _d2019-05-14 |
||